Le Gabon pour les touristes... - Facile - Statistiques

Statistiques générales
  • Ce quiz a été pris 45 fois
  • Le résultat moyen est 11 sur 20
Statistiques - réponses
Question Indice Réponses Indice facile % Correct
Quelle est la langue officielle ? Français
100%
Ce pays est plus grand que la France (oui/non) Non
83%
Achats à faire 1/ A mettre devant le visage Masque AMEUSQ
78%
Quel pays a accordé son indépendance à celui-ci ? France
75%
Dans la capitale quel est le décalage horaire avec Paris ? (+ ou - et chiffre) ex - 10 ou + 3,5 - 1
73%
Quelle est la monnaie ? Franc CFA F
73%
Quel est le climat local ? E Equatorial
70%
Achats à faire 3/ Sculpture en Fer REF
68%
Le principal aéroport est L Libreville
63%
La religion majoritaire est Christianisme C
60%
Code sur les plaques minéralogiques G
60%
Achats à faire 4/ Vêtements Boubous UUBOOBS
53%
Quelles sont les principaux lieux touristiques ? O Diocèse d'{Oyem} MEYO
53%
Le suffixe internet est ga
53%
Quelles sont les principaux lieux touristiques ? I Parc national d'{Ivindo} IVINOD
53%
Quelles sont les principaux lieux touristiques ? L Réserve de {La Lopé} ELPLOA
40%
Achats à faire 2/ Sculpture en pierre de Mbigou UMOGBI
28%
Quel est le régime du pays ? D M Dictature militaire
25%
Quelles sont les principaux lieux touristiques ? S Musée Albert {Schweitzer}
20%
Achats à faire 5/ CD de musique Locale ACLLEO
18%
Aucun quiz correspondant
Distribution des résultats
% des personnes avec chaque résultat
Percentile par nombre de réponses
Votre historique - résultats
Vous n’avez pas pris ce quiz